[Event "Montcalm VI 2009-10"]
[Site "Quebec CAN"]
[Date "2010.04.15"]
[Round "4"]
[White "Bourassa, Andre"]
[Black "Kearns, Thomas"]
[Result "1-0"]
[WhiteElo "1754"]
[BlackElo "1611"]
[PlyCount "115"]
[EventDate "2010.03.25"]
[EventType "tourn"]
[EventRounds "5"]
[EventCountry "CAN"]

1. d4 Nf6 2. c4 d6 3. Nc3 g6 4. e4 Bg7 5. Bd3 e5 6. d5 O-O 7. Nge2 a5 8. O-O
Nbd7 9. Na4 Nc5 10. Nxc5 dxc5 11. Be3 b6 12. f3 h5 13. Bg5 Qd7 14. Bc2 Ne8 15.
Ba4 Qd6 16. Bc6 Rb8 17. Nc3 Ba6 18. Qe2 f5 19. exf5 gxf5 20. Nb5 Bxb5 21. cxb5
Qg6 22. h4 Nd6 23. Bd7 Kh8 24. Qc2 e4 25. Rae1 Bd4+ 26. Kh1 Rf7 27. Be6 Rg7 28.
fxe4 fxe4 29. Qe2 Re8 30. g4 Rxe6 31. gxh5 Qe8 32. dxe6 Qxe6 33. Rf8+ Kh7 34.
b3 Be5 35. Qg2 Rf7 36. Rxf7+ Qxf7 37. Rxe4 Qf5 38. Re1 Nxb5 39. Rf1 Qd3 40. h6
Nd6 41. Bf6 Bxf6 42. Rxf6 Qd1+ 43. Rf1 Qd4 44. Rf4 Qa1+ 45. Kh2 Qe5 46. Qg7+
Qxg7 47. hxg7 Kxg7 48. Kg3 b5 49. Kf3 c4 50. Ke3 cxb3 51. axb3 c5 52. Rg4+ Kf6
53. h5 c4 54. Rg6+ Ke5 55. Rxd6 Kxd6 56. bxc4 a4 57. h6 a3 58. h7 1-0

[Event "Montcalm VI 2009-10"]
[Site "Quebec CAN"]
[Date "2010.04.15"]
[Round "4"]
[White "Champetier, Serge"]
[Black "Chiffot, Nicolas"]
[Result "1/2-1/2"]
[WhiteElo "1973"]
[BlackElo "2113"]
[PlyCount "56"]
[EventDate "2010.03.25"]
[EventType "tourn"]
[EventRounds "5"]
[EventCountry "CAN"]

1. e4 c5 2. Nc3 e6 3. f4 Nc6 4. Nf3 a6 5. a4 d5 6. d3 Nge7 7. Be2 d4 8. Nb1 g6
9. O-O Bg7 10. Qe1 Nb4 11. Na3 Bd7 12. f5 exf5 13. Qh4 h6 14. Bd2 Nec6 15. Qg3
Ne7 16. Rae1 O-O 17. Ne5 Kh7 18. exf5 Nxf5 19. Bg4 Qf6 20. Bf3 b6 21. Ng4 Qd6
22. Nxh6 Nxh6 23. Bxh6 Bxh6 24. Qg5 Kg7 25. Be4 Rh8 26. g4 f6 27. Bg2 Kf8 28.
Re6 Kg8 1/2-1/2

[Event "Montcalm VI 2009-10"]
[Site "Quebec CAN"]
[Date "2010.04.15"]
[Round "4"]
[White "Marquis, Paul"]
[Black "Caron, Sebastien"]
[Result "0-1"]
[WhiteElo "1934"]
[BlackElo "1930"]
[PlyCount "78"]
[EventDate "2010.03.25"]
[EventType "tourn"]
[EventRounds "5"]
[EventCountry "CAN"]

1. e4 d5 2. exd5 Nf6 3. d4 Nxd5 4. c4 Nf6 5. Nf3 e6 6. Be2 c5 7. O-O cxd4 8.
Nxd4 Bd7 9. Nc3 a6 10. Be3 Qc7 11. Rc1 Bd6 12. h3 O-O 13. Qd2 Rd8 14. Qc2 Nc6
15. Nf3 Ne5 16. Nxe5 Bxe5 17. b4 Rac8 18. Na4 Nd5 19. Bd2 Bxa4 20. Qxa4 Nb6 21.
Qc2 Nxc4 22. Bg5 Rd4 23. Qb3 b5 24. Be3 Rdd8 25. Rfd1 Rxd1+ 26. Bxd1 Bf4 27.
Bxf4 Qxf4 28. Qc3 h6 29. Rc2 Nd6 30. Qd3 Rxc2 31. Bxc2 Qxb4 32. Qh7+ Kf8 33.
Qh8+ Ke7 34. Qxg7 Qe1+ 35. Kh2 Qxf2 36. Bb3 Qf4+ 37. Kg1 Nf5 38. Qg8 Ng3 39.
Qa8 Ne2+ 0-1

[Event "Montcalm VI 2009-10"]
[Site "Quebec CAN"]
[Date "2010.04.22"]
[Round "5"]
[White "Bonneau, Daniel"]
[Black "Champetier, Serge"]
[Result "1-0"]
[WhiteElo "1975"]
[BlackElo "1973"]
[PlyCount "57"]
[EventDate "2010.03.25"]
[EventType "tourn"]
[EventRounds "5"]
[EventCountry "CAN"]

1. d4 d5 2. c4 Nc6 3. cxd5 Qxd5 4. e3 e5 5. Nc3 Bb4 6. Bd2 Bxc3 7. bxc3 Qd6 8.
Bd3 Nge7 9. Ne2 O-O 10. O-O f5 11. f4 Kh8 12. Bc1 exd4 13. exd4 b6 14. a4 Bb7
15. Ba3 Qg6 16. Ng3 Rf6 17. c4 Qf7 18. d5 Na5 19. Qe2 Nc8 20. Bb2 Nd6 21. Bxf6
Qxf6 22. Qe5 Qg6 23. Rae1 Ba6 24. Qc3 h5 25. Re6 Qf7 26. Rfe1 Ne4 27. Nxe4 fxe4
28. R1xe4 Rc8 29. Qe5 1-0

[Event "Montcalm VI 2009-10"]
[Site "Quebec CAN"]
[Date "2010.04.22"]
[Round "5"]
[White "Caron, Sebastien"]
[Black "Bergeron, Marc"]
[Result "1/2-1/2"]
[WhiteElo "1930"]
[BlackElo "2058"]
[PlyCount "61"]
[EventDate "2010.03.25"]
[EventType "tourn"]
[EventRounds "5"]
[EventCountry "CAN"]

1. e4 Nc6 2. d4 d5 3. e5 Bf5 4. h4 h5 5. Ne2 e6 6. Ng3 Bg6 7. Be2 Be7 8. Bxh5
Bxh5 9. Nxh5 g6 10. Nf4 Rxh4 11. Rxh4 Bxh4 12. g3 Be7 13. c3 Qd7 14. Be3 O-O-O
15. Nd2 Bf8 16. Qe2 Bg7 17. Nb3 Nb8 18. Nc5 Qc6 19. O-O-O b6 20. Na6 Qa4 21.
Nxb8 Kxb8 22. Kb1 Ne7 23. Rh1 Rh8 24. Rxh8+ Bxh8 25. b3 Qe8 26. Qg4 Nf5 27. Bd2
Bg7 28. Qh3 c5 29. g4 Ne7 30. Be3 cxd4 31. cxd4 1/2-1/2

[Event "Montcalm VI 2009-10"]
[Site "Quebec CAN"]
[Date "2010.04.22"]
[Round "5"]
[White "Chiffot, Nicolas"]
[Black "Marquis, Paul"]
[Result "1/2-1/2"]
[WhiteElo "2113"]
[BlackElo "1934"]
[PlyCount "77"]
[EventDate "2010.03.25"]
[EventType "tourn"]
[EventRounds "5"]
[EventCountry "CAN"]

1. e4 d6 2. d4 Nf6 3. Nc3 g6 4. f4 Bg7 5. Nf3 c5 6. Bb5+ Bd7 7. Bxd7+ Qxd7 8.
d5 Na6 9. O-O Nc7 10. Qd3 O-O 11. Bd2 b5 12. h3 c4 13. Qe3 e6 14. dxe6 fxe6 15.
Rad1 Nh5 16. Ng5 d5 17. exd5 exd5 18. Bc1 d4 19. Ne2 Rae8 20. Qf2 Rxe2 21. Qxe2
Ng3 22. Qf2 Nxf1 23. Qxf1 Qf5 24. Qf2 h6 25. Nf3 Ne6 26. Nh4 Qf6 27. Qg3 Kh7
28. Re1 Rf7 29. Qg4 Nf8 30. Nf3 Re7 31. Re5 a6 32. Nxd4 Rxe5 33. fxe5 Qxe5 34.
Nf3 Qc5+ 35. Kh1 Qf2 36. Bd2 Bxb2 37. Qf4 Qc5 38. Qxh6+ Kg8 39. Qe3 1/2-1/2

[Event "Montcalm VI 2009-10"]
[Site "Quebec CAN"]
[Date "2010.04.22"]
[Round "5"]
[White "Cummins, Paul"]
[Black "Auger, Bertrand"]
[Result "0-1"]
[WhiteElo "1840"]
[BlackElo "1885"]
[PlyCount "170"]
[EventDate "2010.03.25"]
[EventType "tourn"]
[EventRounds "5"]
[EventCountry "CAN"]

1. e4 c5 2. Nc3 Nc6 3. g3 g6 4. Bg2 Bg7 5. d3 Nf6 6. Nf3 d6 7. O-O O-O 8. h3
Rb8 9. Be3 b5 10. Qc1 Re8 11. Ne2 Bb7 12. Bh6 Bh8 13. c3 Ne5 14. Nxe5 dxe5 15.
Rd1 Qc7 16. g4 c4 17. Ng3 cxd3 18. Rxd3 Red8 19. Rxd8+ Qxd8 20. Qg5 Ne8 21. Qe3
a6 22. Qe2 Qc7 23. Rd1 Rd8 24. h4 Rxd1+ 25. Qxd1 Qd6 26. Qb3 Nf6 27. Bf3 Nd7
28. Qc2 Nc5 29. Be2 Ne6 30. Be3 Bg7 31. b4 Bf8 32. h5 Nf4 33. Bc5 Qc6 34. Bf3
Nh3+ 35. Kf1 Qf6 36. Bg2 Nf4 37. hxg6 hxg6 38. Qd2 Bc8 39. f3 Be6 40. Kg1 Bc4
41. Be3 Qd6 42. Qxd6 exd6 43. a3 Bh6 44. Bb6 Ne6 45. Bf1 Bb3 46. Kf2 Kf8 47.
Be3 Nf4 48. Ke1 Ng2+ 49. Bxg2 Bxe3 50. Bf1 Ke7 51. Bd3 Ke6 52. Ke2 Bc1 53. Nf1
Bxa3 54. Kd2 d5 55. Bc2 Bxc2 56. Kxc2 d4 57. Nd2 dxc3 58. Kxc3 Bc1 59. Nb3 Be3
60. Kd3 Bb6 61. Nc1 a5 62. bxa5 Bxa5 63. g5 Bd8 64. Ne2 Bxg5 65. Nc3 b4 66. Nd5
Be7 67. Kc4 Bd6 68. Ne3 f5 69. Nd5 g5 70. Ne3 fxe4 71. fxe4 Bf8 72. Ng4 Be7 73.
Kb3 Bc5 74. Kc4 Bd6 75. Kb3 Kd7 76. Kc4 Kc6 77. Nf6 Kb6 78. Ng4 Ka5 79. Kb3 Kb6
80. Nh6 Bc7 81. Ng4 Kc5 82. Nf6 Bd6 83. Ng4 Kd4 84. Nf6 Kd3 85. Ne8 Be7 0-1

[Event "Montcalm VII 2009-10"]
[Site "Quebec CAN"]
[Date "2010.04.29"]
[Round "1"]
[White "Bonneau, Daniel"]
[Black "Lamontagne, Danny"]
[Result "1-0"]
[WhiteElo "1981"]
[BlackElo "1730"]
[PlyCount "117"]
[EventDate "2010.04.29"]
[EventType "swiss"]
[EventRounds "5"]
[EventCountry "CAN"]

1. d4 Nf6 2. Nf3 c5 3. d5 g6 4. c4 b5 5. cxb5 a6 6. b6 a5 7. Nc3 Qxb6 8. e4 d6
9. Bb5+ Bd7 10. a4 Bxb5 11. axb5 Nbd7 12. h3 Bg7 13. O-O O-O 14. Be3 Rfb8 15.
Nd2 Qd8 16. Nc4 Nb6 17. Nxb6 Qxb6 18. Qd3 Ne8 19. Rab1 Nc7 20. f4 Nxb5 21. Na4
Qb7 22. f5 Nd4 23. fxg6 hxg6 24. Qd2 Qb4 25. Nc3 Nb5 26. Qf2 f6 27. e5 Nxc3 28.
bxc3 Qe4 29. Rbe1 Qxd5 30. exd6 exd6 31. Qg3 Qd3 32. Rd1 Qxc3 33. Rxd6 Re8 34.
Rf3 Qe5 35. Qxe5 Rxe5 36. Rc6 a4 37. Bxc5 Rxc5 38. Rxc5 a3 39. Rfc3 Kh7 40. Rc8
Ra7 41. R8c7 Ra4 42. R3c4 Ra8 43. Rc8 Rxc8 44. Rxc8 f5 45. Ra8 Bb2 46. Kf2 Kh6
47. Ra6 Kg5 48. Kf3 Kh6 49. Kf4 Kh5 50. g3 Bc1+ 51. Ke5 f4 52. gxf4 Kh4 53. Ke4
Bb2 54. Kf3 Kh5 55. Kg3 Kh6 56. Kg4 Kh7 57. Kg5 Bc1 58. Ra7+ Kg8 59. Kxg6 1-0

[Event "Montcalm VII 2009-10"]
[Site "Quebec CAN"]
[Date "2010.04.29"]
[Round "1"]
[White "Bourassa, Andre"]
[Black "Arcand, Christian"]
[Result "1-0"]
[WhiteElo "1760"]
[BlackElo "1112"]
[PlyCount "87"]
[EventDate "2010.04.29"]
[EventType "swiss"]
[EventRounds "5"]
[EventCountry "CAN"]

1. d4 d5 2. c4 e5 3. cxd5 Qxd5 4. Nf3 Bb4+ 5. Nc3 e4 6. Qa4+ Nc6 7. Qxb4 Nxb4
8. Nxd5 Nxd5 9. Ne5 Nb4 10. Kd1 Be6 11. e3 f6 12. Nc4 Nd3 13. Bxd3 exd3 14. Nd2
Ne7 15. b3 Nd5 16. Bb2 Nb4 17. Nc4 Rd8 18. Kd2 b5 19. Na3 a6 20. Bc3 c5 21.
dxc5 Nd5 22. Bd4 Bf5 23. f3 Nf4 24. g4 Bg6 25. Bxf6 gxf6 26. exf4 O-O 27. Rhe1
Bf7 28. Re3 b4 29. Nc4 Bxc4 30. bxc4 Rd4 31. Re4 Rfd8 32. Rae1 Rxe4 33. Rxe4 a5
34. c6 Rc8 35. Re6 a4 36. Kxd3 Rd8+ 37. Kc2 Rd4 38. Re4 b3+ 39. axb3 Rd6 40. c7
Rc6 41. Re8+ Kf7 42. c8=Q axb3+ 43. Kxb3 Rb6+ 44. Kc3 1-0

[Event "Montcalm VII 2009-10"]
[Site "Quebec CAN"]
[Date "2010.05.06"]
[Round "2"]
[White "Cummins, Paul"]
[Black "Bonneau, Daniel"]
[Result "0-1"]
[WhiteElo "1819"]
[BlackElo "1981"]
[PlyCount "41"]
[EventDate "2010.04.29"]
[EventType "swiss"]
[EventRounds "5"]
[EventCountry "CAN"]

1. e4 e6 2. d3 c5 3. Nc3 Nc6 4. g3 g6 5. Bg2 Bg7 6. Be3 d6 7. Nf3 Nge7 8. Qd2
Nd4 9. O-O O-O 10. Bh6 Nxf3+ 11. Bxf3 b5 12. Bxg7 Kxg7 13. Ne2 Bb7 14. Nd4 cxd4
15. e5 h6 16. Kh1 Qb6 17. b4 Ba6 18. Bb7 Qc5 19. h4 Qc8 20. Rab1 Qe8 21. Kg1
0-1

[Event "Montcalm VII 2009-10"]
[Site "Quebec CAN"]
[Date "2010.05.06"]
[Round "2"]
[White "Marquis, Paul"]
[Black "Perreault, Jacquelin"]
[Result "1-0"]
[WhiteElo "1934"]
[BlackElo "1736"]
[PlyCount "61"]
[EventDate "2010.04.29"]
[EventType "swiss"]
[EventRounds "5"]
[EventCountry "CAN"]

1. e4 c5 2. Nf3 d6 3. d4 cxd4 4. Nxd4 Nf6 5. Nc3 a6 6. Be2 Nbd7 7. O-O b5 8. f4
Bb7 9. Bf3 e5 10. Nf5 Nc5 11. Qe1 g6 12. Ng3 Bg7 13. f5 O-O 14. Bg5 Qc7 15.
Bxf6 Bxf6 16. Rd1 Bh4 17. Qe3 Rad8 18. Qh6 Bf6 19. b4 Nb3 20. cxb3 Qxc3 21. Nh5
gxh5 22. Qxf6 Qxb4 23. Bxh5 Qc5+ 24. Kh1 Bxe4 25. Bxf7+ Rxf7 26. Qxd8+ Rf8 27.
Qxd6 Qc2 28. Qd2 Qc6 29. f6 Rxf6 30. Rxf6 Qxf6 31. Qd8+ 1-0

[Event "Montcalm VII 2009-10"]
[Site "Quebec CAN"]
[Date "2010.05.13"]
[Round "3"]
[White "Bonneau, Daniel"]
[Black "Marquis, Paul"]
[Result "1-0"]
[WhiteElo "1981"]
[BlackElo "1934"]
[PlyCount "83"]
[EventDate "2010.04.29"]
[EventType "swiss"]
[EventRounds "5"]
[EventCountry "CAN"]

1. d4 d5 2. c4 Nc6 3. cxd5 Qxd5 4. e3 e5 5. Nc3 Bb4 6. Bd2 Bxc3 7. bxc3 Qd6 8.
Qb3 Nf6 9. Rd1 O-O 10. Bc1 Qd5 11. c4 Qe4 12. f3 Qg6 13. d5 Na5 14. Qc3 b6 15.
e4 Nd7 16. Ba3 Re8 17. Ne2 Nb7 18. Ng3 Ndc5 19. Bd3 h5 20. O-O Qg5 21. Bc1 Qg6
22. Qd2 h4 23. Nf5 Nxd3 24. Qxd3 Bxf5 25. exf5 Qh5 26. Ba3 Nd6 27. Bxd6 cxd6
28. a4 Rac8 29. Rb1 Rc5 30. Rb5 Rec8 31. Rxc5 Rxc5 32. f4 exf4 33. Rxf4 Qg5 34.
Qe4 Rc8 35. h3 Qf6 36. Rxh4 Qa1+ 37. Kf2 Qxa4 38. f6 g6 39. Qe3 Qc2+ 40. Kg1 g5
41. Qxg5+ Qg6 42. Qf4 1-0

[Event "Montcalm VII 2009-10"]
[Site "Quebec CAN"]
[Date "2010.05.13"]
[Round "3"]
[White "Bourassa, Andre"]
[Black "Lapierre, Gaetan"]
[Result "1/2-1/2"]
[WhiteElo "1760"]
[BlackElo "1880"]
[PlyCount "91"]
[EventDate "2010.04.29"]
[EventType "swiss"]
[EventRounds "5"]
[EventCountry "CAN"]

1. d4 d6 2. c4 Nf6 3. Nc3 Nbd7 4. Nf3 e5 5. dxe5 dxe5 6. Bg5 Be7 7. Qc2 c6 8.
Rd1 Qc7 9. e3 O-O 10. Be2 Re8 11. O-O Bf8 12. Nd2 g6 13. Nde4 Nxe4 14. Nxe4 Be7
15. c5 Bxg5 16. Nxg5 h6 17. Bc4 Nf8 18. Bxf7+ Kg7 19. Bxe8 hxg5 20. Rd6 Bf5 21.
e4 Be6 22. Qc3 Rxe8 23. Qxe5+ Kg8 24. Qxg5 Qe7 25. Qxe7 Rxe7 26. b3 Nd7 27. Rc1
Kf7 28. Rc3 Kg7 29. a3 Bf7 30. f3 Be8 31. b4 Ne5 32. h3 b5 33. cxb6 axb6 34. b5
Nf7 35. Rdxc6 Bxc6 36. Rxc6 Ra7 37. Rxb6 Rxa3 38. Kf2 Rb3 39. f4 g5 40. g3 gxf4
41. gxf4 Rxh3 42. e5 Kf8 43. e6 Nd8 44. Rd6 Ke8 45. f5 Rh5 46. Rd5 1/2-1/2

[Event "Montcalm VII 2009-10"]
[Site "Quebec CAN"]
[Date "2010.05.20"]
[Round "4"]
[White "Dube, Daniel"]
[Black "Bonneau, Daniel"]
[Result "0-1"]
[WhiteElo "1824"]
[BlackElo "1981"]
[PlyCount "86"]
[EventDate "2010.04.29"]
[EventType "swiss"]
[EventRounds "5"]
[EventCountry "CAN"]

1. c4 Nf6 2. Nc3 e5 3. g3 c6 4. Nf3 Qc7 5. d4 d6 6. Bg2 Be7 7. O-O O-O 8. Qc2
Bg4 9. Be3 Nbd7 10. h3 Bh5 11. g4 Bg6 12. Qd2 Rfe8 13. a3 Nf8 14. d5 c5 15. Nb5
Qd7 16. Nxe5 dxe5 17. d6 Bd8 18. Bxc5 a6 19. Nc3 Ne6 20. b4 Nf4 21. Qe3 Nxg2
22. Kxg2 b6 23. Bxb6 Qc6+ 24. Kg1 Bxb6 25. c5 Bd8 26. Rfd1 h5 27. g5 Ne4 28.
Nxe4 Qxe4 29. Rac1 Qc6 30. h4 Ra7 31. a4 Rb7 32. Qc3 Bf5 33. Qf3 Be4 34. Qxh5
Rxb4 35. Qg4 Rxa4 36. f3 Bc2 37. Qc8 Qxc8 38. Rxc2 Qh3 39. d7 Re6 40. Rb2 Rxh4
41. Kf2 Qh2+ 42. Ke3 Qf4+ 43. Kd3 Qc4+ 0-1

[Event "Montcalm VII 2009-10"]
[Site "Quebec CAN"]
[Date "2010.05.27"]
[Round "5"]
[White "Cummins, Paul"]
[Black "Dube, Daniel"]
[Result "0-1"]
[WhiteElo "1819"]
[BlackElo "1809"]
[PlyCount "84"]
[EventDate "2010.04.29"]
[EventType "swiss"]
[EventRounds "5"]
[EventCountry "CAN"]

1. e4 e5 2. Bc4 Nf6 3. d3 c6 4. Nf3 d5 5. exd5 cxd5 6. Bb5+ Bd7 7. Bxd7+ Nbxd7
8. O-O Be7 9. Qe2 e4 10. dxe4 dxe4 11. Nd4 O-O 12. Nc3 Nc5 13. Nf5 Re8 14. Rd1
Qb6 15. Nxe7+ Rxe7 16. Be3 Qc6 17. Nb5 a6 18. Nd4 Qc7 19. Rd2 Rd7 20. Rad1 Rad8
21. Bg5 Qe5 22. f4 Qe7 23. Nf5 Qe6 24. Nd4 Qb6 25. c3 Re8 26. f5 e3 27. Bxe3
Rde7 28. Ne6 fxe6 29. b4 exf5 30. bxc5 Qc7 31. Qc4+ Kh8 32. Bf4 Re1+ 33. Kf2
Ng4+ 34. Kg3 R1e3+ 35. Kh4 g5+ 36. Kxg5 Qg7+ 37. Kh4 R3e4 38. Rd8 Qf6+ 39. Kh3
Nf2+ 40. Kg3 Nxd1 41. Rxe8+ Rxe8 42. Qb3 Qg6+ 0-1

[Event "Montcalm VII 2009-10"]
[Site "Quebec CAN"]
[Date "2010.05.27"]
[Round "5"]
[White "Lamontagne, Danny"]
[Black "Bourassa, Andre"]
[Result "0-1"]
[WhiteElo "1730"]
[BlackElo "1760"]
[PlyCount "104"]
[EventDate "2010.04.29"]
[EventType "swiss"]
[EventRounds "5"]
[EventCountry "CAN"]

1. e4 c5 2. c3 g6 3. d4 cxd4 4. cxd4 d5 5. e5 e6 6. Nf3 Bg7 7. Bg5 Qb6 8. Nc3
Bd7 9. Qd2 f6 10. exf6 Nxf6 11. Be2 O-O 12. O-O Ne4 13. Nxe4 dxe4 14. Ne5 Bb5
15. Bxb5 Qxb5 16. Rac1 Bxe5 17. dxe5 Qxe5 18. Bh6 Re8 19. Rc2 Nc6 20. Qd7 Re7
21. Qd2 Rd8 22. Qe3 Rd3 23. Qc5 Qxc5 24. Rxc5 Red7 25. h3 R7d5 26. Rc2 Kf7 27.
Re2 g5 28. Rxe4 R3d4 29. Rxd4 Nxd4 30. h4 gxh4 31. Re1 h3 32. Re3 hxg2 33. Bf4
Nf5 34. Rh3 Rd4 35. Be3 Nxe3 36. Rxe3 Rg4 37. Rf3+ Kg6 38. Re3 Kf6 39. Rf3+ Ke7
40. Rh3 Rg7 41. Rh6 Kd6 42. Rh3 e5 43. Rh6+ Kd5 44. Rh5 Kd4 45. Rh3 a6 46. Rh5
e4 47. Rh6 a5 48. Rh5 b6 49. Rh6 b5 50. Rh5 Kc4 51. Re5 Rg4 52. f3 exf3 0-1

[Event "Montcalm op"]
[Site "Quebec CAN"]
[Date "2010.01.08"]
[Round "1"]
[White "Bleau, John"]
[Black "Rousseau, Daniel"]
[Result "0-1"]
[WhiteElo "1815"]
[BlackElo "2183"]
[PlyCount "100"]
[EventDate "2010.01.08"]
[EventType "swiss"]
[EventRounds "5"]
[EventCountry "CAN"]

1. d4 Nf6 2. Nf3 g6 3. e3 Bg7 4. Bd3 c5 5. O-O O-O 6. b3 Nc6 7. a3 d5 8. Bb2
Ne4 9. Nbd2 Nxd2 10. Qxd2 Bg4 11. Be2 Bxf3 12. Bxf3 cxd4 13. exd4 e6 14. Rad1
Qb6 15. Rfe1 Rac8 16. Qd3 Ne7 17. Rd2 Rfd8 18. Bd1 Nf5 19. g4 Nd6 20. c3 Rc7
21. Rde2 Rdc8 22. a4 Ne4 23. Rxe4 dxe4 24. Rxe4 Rd7 25. g5 Qa5 26. Qe3 Rcd8 27.
Bc2 a6 28. Bd1 Rc7 29. h4 Rdc8 30. b4 Qd5 31. a5 Qa2 32. Qd2 Bf8 33. Bc1 Qxd2
34. Bxd2 Rxc3 35. Bxc3 Rxc3 36. Be2 Rb3 37. b5 axb5 38. Re5 b4 39. d5 exd5 40.
Rxd5 Rc3 41. h5 gxh5 42. Bxh5 b3 43. Rb5 Rc5 44. Rxc5 Bxc5 45. Be2 Be7 46. g6
hxg6 47. Kg2 b2 48. Bd3 Bb4 49. Kh3 Bxa5 50. f4 f5 0-1

[Event "Montcalm op"]
[Site "Quebec CAN"]
[Date "2010.01.08"]
[Round "1"]
[White "Bolduc, Steve"]
[Black "Sauve, Richard"]
[Result "1-0"]
[WhiteElo "2285"]
[BlackElo "1968"]
[PlyCount "37"]
[EventDate "2010.01.08"]
[EventType "swiss"]
[EventRounds "5"]
[EventCountry "CAN"]

1. c4 e6 2. d4 d5 3. Nf3 c6 4. Nc3 dxc4 5. Bg5 Be7 6. Bxe7 Qxe7 7. g3 Nf6 8.
Bg2 Nbd7 9. Ne5 Nxe5 10. dxe5 Nd5 11. O-O O-O 12. Qd4 Qb4 13. Ne4 b5 14. a3 Qe7
15. a4 a6 16. Nd6 Bb7 17. Qc5 Rfb8 18. e4 Nc7 19. Nxb7 1-0

[Event "Montcalm op"]
[Site "Quebec CAN"]
[Date "2010.01.08"]
[Round "1"]
[White "Lessard, Claude"]
[Black "Bourassa, Andre"]
[Result "1-0"]
[WhiteElo "2045"]
[BlackElo "1744"]
[PlyCount "30"]
[EventDate "2010.01.08"]
[EventType "swiss"]
[EventRounds "5"]
[EventCountry "CAN"]

1. d4 d5 2. c4 e6 3. Nf3 Nf6 4. Nc3 Nbd7 5. e3 c6 6. cxd5 exd5 7. Bd3 Bd6 8.
O-O O-O 9. a3 Nb6 10. h3 h6 11. Ne5 Qe7 12. f4 c5 13. Bd2 Rd8 14. Rc1 Nc4 15.
Nxd5 Nxb2 1-0

[Event "Montcalm op"]
[Site "Quebec CAN"]
[Date "2010.01.08"]
[Round "1"]
[White "Page-Fortin, Mathieu"]
[Black "Caire, Francois"]
[Result "1/2-1/2"]
[WhiteElo "1859"]
[BlackElo "2238"]
[PlyCount "102"]
[EventDate "2010.01.08"]
[EventType "swiss"]
[EventRounds "5"]
[EventCountry "CAN"]

1. e4 c5 2. Nf3 Nc6 3. d4 cxd4 4. Nxd4 Nf6 5. Nc3 e5 6. Ndb5 d6 7. Bg5 a6 8.
Na3 b5 9. Nd5 Be7 10. Bxf6 Bxf6 11. c3 Ne7 12. Nc2 Nxd5 13. Qxd5 Rb8 14. Rd1
Bb7 15. Qd3 O-O 16. Be2 Bg5 17. O-O d5 18. exd5 f5 19. b3 e4 20. Qd4 Qa5 21.
Nb4 Bf6 22. Qd2 Rfd8 23. Rc1 Be7 24. Rfd1 Qb6 25. c4 Bc5 26. Qe1 f4 27. Nc2 f3
28. b4 fxe2 29. Qxe2 Bf8 30. c5 Bxc5 31. bxc5 Qxc5 32. Ne3 Qe7 33. Rd4 Qe5 34.
Rcd1 Re8 35. Qg4 Rbd8 36. d6 Rf8 37. Qh4 Rd7 38. Nd5 Bxd5 39. Rxd5 Qf6 40. Qg3
Qf4 41. Rc5 Qxg3 42. hxg3 Rf6 43. Rc6 a5 44. Rd5 b4 45. Kf1 a4 46. Rb6 b3 47.
axb3 axb3 48. Rxb3 Rdxd6 49. Rxd6 Rxd6 50. Rb4 Rd1+ 51. Ke2 Rg1 1/2-1/2

[Event "Montcalm op"]
[Site "Quebec CAN"]
[Date "2010.01.09"]
[Round "2"]
[White "Dube, Daniel"]
[Black "Bourassa, Andre"]
[Result "0-1"]
[WhiteElo "1835"]
[BlackElo "1744"]
[PlyCount "106"]
[EventDate "2010.01.08"]
[EventType "swiss"]
[EventRounds "5"]
[EventCountry "CAN"]

1. c4 e6 2. Nc3 d5 3. d4 Nf6 4. cxd5 exd5 5. Bf4 c6 6. Qc2 Na6 7. a3 Qa5 8. Rc1
Ne4 9. f3 Nxc3 10. Bd2 Qa4 11. Qxc3 Be6 12. e3 Nc7 13. b3 Qxa3 14. Ra1 Qd6 15.
b4 Be7 16. Bd3 O-O 17. Ne2 a6 18. O-O Nb5 19. Qc2 f5 20. f4 Qd7 21. g4 Nd6 22.
Ng3 g6 23. Kh1 Bh4 24. gxf5 Nxf5 25. Rg1 Bxg3 26. hxg3 Ne7 27. Bc3 Bf5 28. Raf1
Bxd3 29. Qxd3 Qf5 30. Qxf5 Nxf5 31. Rf3 Rae8 32. Bd2 Nd6 33. g4 Ne4 34. Bc1 Rf7
35. Rg2 Nd6 36. f5 gxf5 37. gxf5+ Rg7 38. Rh2 Ne4 39. Rh6 Rf8 40. Re6 Ng5 41.
Rf4 Nxe6 42. fxe6 Rxf4 43. exf4 Rg6 44. f5 Rf6 45. e7 Kf7 46. Bf4 Rxf5 47. Bd6
Rf6 48. Bc5 Re6 49. Kg2 Rxe7 50. Kg3 Re4 51. Bb6 Kg6 52. Kh3 Kf5 53. Bc7 Rxd4
0-1

[Event "Montcalm op"]
[Site "Quebec CAN"]
[Date "2010.01.09"]
[Round "2"]
[White "Rousseau, Daniel"]
[Black "Bolduc, Steve"]
[Result "0-1"]
[WhiteElo "2183"]
[BlackElo "2285"]
[PlyCount "46"]
[EventDate "2010.01.08"]
[EventType "swiss"]
[EventRounds "5"]
[EventCountry "CAN"]

1. e4 Nf6 2. e5 Nd5 3. d4 d6 4. Nf3 dxe5 5. Nxe5 Nd7 6. Nxf7 Kxf7 7. Qh5+ Ke6
8. c4 N5f6 9. d5+ Kd6 10. Bf4+ e5 11. dxe6+ Kxe6 12. Qf3 Kf7 13. Nc3 Nc5 14. h3
Ne6 15. Be5 Nd4 16. Qd3 c5 17. O-O-O Bf5 18. Qe3 Bd6 19. Bxd4 cxd4 20. Qxd4 Bc7
21. Qe3 Qe7 22. Qxe7+ Kxe7 23. g4 Bf4+ 0-1

[Event "Montcalm op"]
[Site "Quebec CAN"]
[Date "2010.01.09"]
[Round "3"]
[White "Bolduc, Steve"]
[Black "Rainfray, Arnaud"]
[Result "1-0"]
[WhiteElo "2285"]
[BlackElo "2397"]
[PlyCount "79"]
[EventDate "2010.01.08"]
[EventType "swiss"]
[EventRounds "5"]
[EventCountry "CAN"]

1. c4 e6 2. g3 d5 3. Bg2 Nf6 4. Nf3 d4 5. d3 Be7 6. O-O O-O 7. e3 c5 8. exd4
cxd4 9. a3 a5 10. Bg5 Nc6 11. Bxf6 Bxf6 12. Nbd2 a4 13. Re1 Qc7 14. Rc1 Ra5 15.
c5 Be7 16. Rc4 Rxc5 17. Rxc5 Bxc5 18. Qxa4 Bd7 19. Qc2 Qb6 20. b4 Be7 21. Nc4
Qa7 22. b5 Na5 23. Qa4 Ra8 24. Nfe5 Be8 25. Qxa5 Qxa5 26. Nxa5 Rxa5 27. b6 Rxa3
28. Rb1 Ra5 29. Nc4 Rb5 30. Ra1 Bc6 31. Bxc6 bxc6 32. Ra7 Bc5 33. Rc7 g5 34.
Rxc6 Kg7 35. b7 Rb1+ 36. Kg2 Ba7 37. Rb6 Rd1 38. Ne5 Bb8 39. Nd7 Bc7 40. Rc6
1-0

[Event "Montcalm op"]
[Site "Quebec CAN"]
[Date "2010.01.09"]
[Round "3"]
[White "Caire, Francois"]
[Black "Cournoyer, Dominic"]
[Result "1-0"]
[WhiteElo "2238"]
[BlackElo "1996"]
[PlyCount "61"]
[EventDate "2010.01.08"]
[EventType "swiss"]
[EventRounds "5"]
[EventCountry "CAN"]

1. d4 Nf6 2. c4 e6 3. Nc3 d5 4. Bg5 Be7 5. e3 O-O 6. Nf3 b6 7. cxd5 Nxd5 8.
Nxd5 exd5 9. Bxe7 Qxe7 10. Bd3 Qb4+ 11. Qd2 Qxd2+ 12. Kxd2 Ba6 13. Rhc1 Bxd3
14. Kxd3 Na6 15. Ke2 c5 16. dxc5 bxc5 17. Rc2 Rfe8 18. Kf1 Rac8 19. Rd2 Rb8 20.
b3 Rbd8 21. Rad1 Nc7 22. Rc1 Ne6 23. Rcd1 Nc7 24. Ne1 Rd6 25. Rc1 Rc6 26. Nd3
c4 27. Nf4 Re5 28. Rd4 c3 29. Rd3 g5 30. Ne2 c2 31. Rd2 1-0

[Event "Montcalm op"]
[Site "Quebec CAN"]
[Date "2010.01.09"]
[Round "3"]
[White "Sauve, Richard"]
[Black "Bourassa, Andre"]
[Result "1/2-1/2"]
[WhiteElo "1968"]
[BlackElo "1744"]
[PlyCount "95"]
[EventDate "2010.01.08"]
[EventType "swiss"]
[EventRounds "5"]
[EventCountry "CAN"]

1. d4 e6 2. c4 d5 3. Nc3 c6 4. e3 Bd6 5. Nf3 f5 6. Bd2 Nf6 7. Ne5 O-O 8. f4 b6
9. cxd5 exd5 10. Bd3 Ne4 11. Nf3 Bb7 12. O-O Nd7 13. Rc1 Qe7 14. Bxe4 fxe4 15.
Ne5 Bxe5 16. dxe5 Ba6 17. Ne2 Bxe2 18. Qxe2 Qe6 19. Rc2 Rfc8 20. Bb4 c5 21. Ba3
Rd8 22. b3 Rac8 23. Rd1 Nb8 24. Rcd2 Nc6 25. Bb2 Nb4 26. Ba1 Nd3 27. Rxd3 exd3
28. Qxd3 g6 29. e4 d4 30. Qc4 Qxc4 31. bxc4 Rf8 32. g3 Rcd8 33. Bb2 Kf7 34. Kf2
Ke6 35. Ke2 g5 36. Bc1 gxf4 37. gxf4 Rg8 38. Kf3 Rd7 39. f5+ Kxe5 40. Bf4+ Kf6
41. h4 Rdg7 42. Bg5+ Rxg5 43. hxg5+ Rxg5 44. Kf4 Rg2 45. e5+ Kg7 46. Ke4 h5 47.
Kd5 h4 48. Ke6 1/2-1/2